000 00959nam a22002897a 4500
001 8413
003 FISKH
005 20250910160143.0
008 250910b cb ||||| |||| 00| 0 eng d
020 _a043925292X
040 _aFISKH
_beng
_cFISKH
_dFISKH
050 _a CR113 .R93
082 _a929.9
100 _aRyan, Pam Munoz
245 _aThe flag we love /
_cBy Pam Muñoz Ryan : Illustrated by Ralph Masiello
250 _aFirst Scholastic printing, October 2000
260 _aNew York :
_bScholastic ,
_c1996.
300 _a32 unnumbered pages :
_bcolor illustrations ;
_c23 x 28 cm .
505 _aH
520 _aA patriotic poem celebrating the flag of the United States, including historical footnotes about its origins and history.
521 8 _a400
_bLexile
521 8 _aH
_bRaz-Plus
650 _aAmerican Symbols
_vNon-fiction
700 _aMasiello, Ralph
_eIllustrator
942 _2ddc
_cBK
_n0
999 _c8413
_d8413